000 00305nam a2200121Ia 4500
008 191201s2014 xx 000 0 und d
100 _aNARANG, J S
245 0 _aCNC Machines and Automotion
250 _aRep
260 _c2014
_bDhanpat Rai Pubns (P) Ltd
_aNEW DELHI
300 _amisc
942 _2ddc
_cBK
_01
999 _c8130
_d8130